[Event "ODJM C 2023"]
[Site "Willingen GER"]
[Date "2023.06.03"]
[Round "9"]
[White "Lang, Samuel"]
[Black "Weinberger, Maxim"]
[Result "0-1"]
[Termination "normal"]
[Board "9"]
[WhiteElo "1159"]
[BlackElo "1310"]
[WhiteClock "01:29:23"]
[BlackClock "01:20:38"]
[PlyCount "60"]
[WhiteFideId "34660526"]
[BlackFideId "16290330"]
[EventCountry "GER"]
[EventRounds "9"]
[EventType "swiss"]
[EventDate "2023.05.27"]

1. d4 {[%clk 01:30:58]} {[%emt 00:00:02]} Nf6 {[%clk 01:30:53]} {[%emt
00:00:07]} 2. c4 {[%clk 01:31:24]} {[%emt 00:00:04]} c5 {[%clk 01:31:02]}
{[%emt 00:00:21]} 3. Nf3 {[%clk 01:31:03]} {[%emt 00:00:51]} d6 {[%clk
01:27:34]} {[%emt 00:03:58]} 4. Nc3 {[%clk 01:30:02]} {[%emt 00:01:31]} cxd4
{[%clk 01:25:18]} {[%emt 00:02:46]} 5. Nxd4 {[%clk 01:30:09]} {[%emt 00:00:23]}
e5 {[%clk 01:25:38]} {[%emt 00:00:10]} 6. Nf3 {[%clk 01:30:30]} {[%emt
00:00:08]} Nc6 {[%clk 01:24:22]} {[%emt 00:01:47]} 7. Bg5 {[%clk 01:30:32]}
{[%emt 00:00:28]} Be7 {[%clk 01:21:59]} {[%emt 00:02:53]} 8. e3 {[%clk
01:29:34]} {[%emt 00:01:28]} Qa5 {[%clk 01:19:03]} {[%emt 00:03:26]} 9. Bxf6
{[%clk 01:28:43]} {[%emt 00:01:21]} Bxf6 {[%clk 01:19:22]} {[%emt 00:00:11]}
10. Qxd6 {[%clk 01:28:49]} {[%emt 00:00:24]} e4 {[%clk 01:18:55]} {[%emt
00:00:57]} 11. Nd4 {[%clk 01:29:14]} {[%emt 00:00:05]} Nxd4 {[%clk 01:17:56]}
{[%emt 00:01:29]} 12. exd4 {[%clk 01:29:34]} {[%emt 00:00:10]} Qb6 {[%clk
01:15:37]} {[%emt 00:02:49]} 13. Nxe4 {[%clk 01:26:28]} {[%emt 00:03:36]} Bxd4
{[%clk 01:15:59]} {[%emt 00:00:08]} 14. Qxb6 {[%clk 01:26:51]} {[%emt
00:00:06]} axb6 {[%clk 01:16:14]} {[%emt 00:00:15]} 15. Nd6+ {[%clk 01:27:13]}
{[%emt 00:00:09]} Ke7 {[%emt 00:00:30]} 16. Nxc8+ {[%clk 01:26:45]} {[%emt
00:00:46]} Rhxc8 {[%clk 01:16:50]} {[%emt 00:00:06]} 17. O-O-O {[%clk
01:26:43]} {[%emt 00:00:32]} Bxf2 {[%clk 01:16:52]} {[%emt 00:00:28]} 18. a3
{[%clk 01:26:58]} {[%emt 00:00:15]} b5 {[%clk 01:17:11]} {[%emt 00:00:12]} 19.
Rd2 {[%clk 01:26:21]} {[%emt 00:01:04]} Be3 {[%clk 01:17:09]} {[%emt 00:00:34]}
20. g3 {[%clk 01:26:29]} {[%emt 00:00:22]} Rd8 {[%clk 01:17:14]} {[%emt
00:00:25]} 21. Bg2 {[%clk 01:26:42]} {[%emt 00:00:17]} Rxd2 {[%clk 01:17:38]}
{[%emt 00:00:06]} 22. Bxb7 {[%clk 01:26:48]} {[%emt 00:00:24]} Rd7+ {[%clk
01:18:00]} {[%emt 00:00:08]} 23. Kc2 {[%clk 01:26:53]} {[%emt 00:00:25]} Rxb7
{[%clk 01:18:25]} {[%emt 00:00:05]} 24. Re1 {[%clk 01:27:18]} {[%emt 00:00:05]}
bxc4 {[%clk 01:18:37]} {[%emt 00:00:18]} 25. Rxe3+ {[%clk 01:27:41]} {[%emt
00:00:07]} Kf8 {[%clk 01:19:02]} {[%emt 00:00:05]} 26. Kc3 {[%clk 01:28:02]}
{[%emt 00:00:09]} Rb3+ {[%clk 01:19:24]} {[%emt 00:00:08]} 27. Kd4 {[%clk
01:28:20]} {[%emt 00:00:12]} Rd8+ {[%clk 01:19:43]} {[%emt 00:00:11]} 28. Kxc4
{[%clk 01:28:30]} {[%emt 00:00:20]} Rxe3 {[%clk 01:20:04]} {[%emt 00:00:09]}
29. b4 {[%clk 01:28:57]} {[%emt 00:00:03]} Rxa3 {[%clk 01:20:27]} {[%emt
00:00:07]} 30. b5 {[%clk 01:29:23]} {[%emt 00:00:05]} Rb8 {[%clk 01:20:38]}
{[%emt 00:00:18]} 0-1

[Event "ODJM C 2023"]
[Site "Willingen GER"]
[Date "2023.06.03"]
[Round "9"]
[White "Carstens, Finja"]
[Black "Bücker, Phil"]
[Result "1/2-1/2"]
[Termination "normal"]
[Board "10"]
[WhiteElo "1478"]
[BlackElo "1325"]
[WhiteClock "00:22:37"]
[BlackClock "00:28:35"]
[PlyCount "63"]
[WhiteFideId "34617841"]
[BlackFideId "34623841"]
[EventCountry "GER"]
[EventRounds "9"]
[EventType "swiss"]
[EventDate "2023.05.27"]

1. d4 {[%clk 01:30:54]} {[%emt 00:00:05]} d5 {[%clk 01:30:55]} {[%emt
00:00:05]} 2. Nc3 {[%clk 01:31:15]} {[%emt 00:00:08]} e6 {[%clk 01:31:08]}
{[%emt 00:00:18]} 3. Bf4 {[%clk 01:31:39]} {[%emt 00:00:06]} a6 {[%clk
01:31:32]} {[%emt 00:00:06]} 4. e3 {[%clk 01:31:59]} {[%emt 00:00:11]} c5
{[%clk 01:31:57]} {[%emt 00:00:04]} 5. Nf3 {[%clk 01:32:18]} {[%emt 00:00:11]}
Nc6 {[%clk 01:31:41]} {[%emt 00:00:46]} 6. Be2 {[%clk 01:31:24]} {[%emt
00:01:24]} Nf6 {[%clk 01:30:54]} {[%emt 00:01:18]} 7. O-O {[%clk 01:31:31]}
{[%emt 00:00:21]} cxd4 {[%clk 01:26:04]} {[%emt 00:05:21]} 8. exd4 {[%clk
01:28:59]} {[%emt 00:03:03]} Bd6 {[%clk 01:25:19]} {[%emt 00:01:14]} 9. Bxd6
{[%emt 00:05:58]} Qxd6 {[%clk 01:24:59]} {[%emt 00:00:10]} 10. Re1 {[%clk
01:23:31]} {[%emt 00:01:10]} O-O {[%clk 01:22:41]} {[%emt 00:02:48]} 11. a3
{[%clk 01:20:33]} {[%emt 00:03:29]} Re8 {[%clk 01:19:21]} {[%emt 00:03:50]} 12.
Bd3 {[%clk 01:20:05]} {[%emt 00:00:57]} Bd7 {[%clk 01:10:55]} {[%emt 00:08:56]}
13. Ne2 {[%clk 01:13:23]} {[%emt 00:07:12]} Rac8 {[%clk 01:04:57]} {[%emt
00:06:28]} 14. Ng3 {[%clk 01:12:21]} {[%emt 00:01:31]} Qf4 {[%clk 00:53:57]}
{[%emt 00:11:30]} 15. b4 {[%clk 01:05:33]} {[%emt 00:07:19]} e5 {[%clk
00:41:15]} {[%emt 00:13:12]} 16. dxe5 {[%clk 01:00:05]} {[%emt 00:05:58]} Nxe5
{[%clk 00:41:10]} {[%emt 00:00:35]} 17. Nxe5 {[%clk 00:59:24]} {[%emt
00:01:11]} Rxe5 {[%clk 00:41:17]} {[%emt 00:00:22]} 18. Rxe5 {[%clk 00:56:42]}
{[%emt 00:03:13]} Qxe5 {[%clk 00:41:29]} {[%emt 00:00:18]} 19. Rc1 {[%clk
00:54:26]} {[%emt 00:02:46]} Re8 {[%clk 00:40:28]} {[%emt 00:01:31]} 20. c4
{[%clk 00:51:21]} {[%emt 00:03:35]} dxc4 {[%clk 00:38:24]} {[%emt 00:02:34]}
21. Bxc4 {[%clk 00:50:52]} {[%emt 00:00:58]} Bb5 {[%clk 00:37:17]} {[%emt
00:01:38]} 22. Bxb5 {[%clk 00:48:40]} {[%emt 00:02:42]} Qxb5 {[%clk 00:35:56]}
{[%emt 00:01:51]} 23. Rc5 {[%clk 00:46:14]} {[%emt 00:02:56]} Qd7 {[%clk
00:34:52]} {[%emt 00:01:34]} 24. Qxd7 {[%clk 00:46:06]} {[%emt 00:00:38]} Re1+
{[%clk 00:33:49]} {[%emt 00:01:32]} 25. Nf1 {[%clk 00:46:11]} {[%emt 00:00:26]}
Nxd7 {[%clk 00:34:15]} {[%emt 00:00:04]} 26. Rc7 {[%clk 00:42:06]} {[%emt
00:04:34]} Nf8 {[%clk 00:34:28]} {[%emt 00:00:18]} 27. g3 {[%clk 00:33:41]}
{[%emt 00:08:55]} g6 {[%clk 00:32:13]} {[%emt 00:02:45]} 28. Kg2 {[%clk
00:33:50]} {[%emt 00:00:21]} Ra1 {[%clk 00:32:27]} {[%emt 00:00:17]} 29. Rc3
{[%clk 00:33:35]} {[%emt 00:00:45]} Ne6 {[%clk 00:31:27]} {[%emt 00:01:30]} 30.
Ne3 {[%clk 00:33:24]} {[%emt 00:00:40]} Nd4 {[%clk 00:29:25]} {[%emt 00:02:34]}
31. Rd3 {[%clk 00:25:47]} {[%emt 00:08:06]} Nb5 {[%clk 00:28:35]} {[%emt
00:01:19]} 32. Nc4 {[%clk 00:22:37]} {[%emt 00:03:40]} 1/2-1/2

[Event "ODJM C 2023"]
[Site "Willingen GER"]
[Date "2023.06.03"]
[Round "9"]
[White "Gold, Finnja"]
[Black "Geschke, Jonathan"]
[Result "1/2-1/2"]
[Termination "normal"]
[Board "11"]
[WhiteElo "1103"]
[BlackElo "1258"]
[WhiteClock "00:30:07"]
[BlackClock "00:37:32"]
[PlyCount "52"]
[WhiteFideId "34660453"]
[BlackFideId "34636129"]
[EventCountry "GER"]
[EventRounds "9"]
[EventType "swiss"]
[EventDate "2023.05.27"]

1. e4 {[%clk 01:30:58]} {[%emt 00:00:01]} e5 {[%clk 01:30:55]} {[%emt
00:00:06]} 2. Nf3 {[%clk 01:31:25]} {[%emt 00:00:03]} Nc6 {[%clk 01:31:17]}
{[%emt 00:00:08]} 3. Bb5 {[%clk 01:31:50]} {[%emt 00:00:05]} a6 {[%clk
01:31:15]} {[%emt 00:00:33]} 4. Ba4 {[%clk 01:32:15]} {[%emt 00:00:04]} Nf6
{[%clk 01:31:15]} {[%emt 00:00:30]} 5. O-O {[%clk 01:32:31]} {[%emt 00:00:14]}
Be7 {[%clk 01:31:10]} {[%emt 00:00:35]} 6. c3 {[%clk 01:32:34]} {[%emt
00:00:27]} b5 {[%clk 01:29:24]} {[%emt 00:02:15]} 7. Bc2 {[%clk 01:32:58]}
{[%emt 00:00:06]} O-O {[%clk 01:29:31]} {[%emt 00:00:24]} 8. d4 {[%clk
01:33:19]} {[%emt 00:00:08]} exd4 {[%clk 01:28:24]} {[%emt 00:01:37]} 9. cxd4
{[%clk 01:33:41]} {[%emt 00:00:09]} d5 {[%clk 01:26:20]} {[%emt 00:02:34]} 10.
e5 {[%clk 01:33:33]} {[%emt 00:00:38]} Nd7 {[%clk 01:26:37]} {[%emt 00:00:12]}
11. Qd3 {[%clk 01:32:52]} {[%emt 00:01:12]} f5 {[%clk 01:23:27]} {[%emt
00:03:39]} 12. Nc3 {[%clk 01:26:56]} {[%emt 00:06:27]} Nb6 {[%clk 01:21:25]}
{[%emt 00:02:31]} 13. Be3 {[%clk 01:20:23]} {[%emt 00:07:03]} Nc4 {[%clk
01:19:51]} {[%emt 00:02:04]} 14. Rab1 {[%clk 01:11:07]} {[%emt 00:09:47]} Nb4
{[%clk 01:15:09]} {[%emt 00:05:11]} 15. Qe2 {[%clk 01:08:28]} {[%emt 00:03:10]}
f4 {[%clk 01:13:12]} {[%emt 00:02:27]} 16. Bc1 {[%clk 01:07:47]} {[%emt
00:01:10]} Bg4 {[%clk 01:10:53]} {[%emt 00:02:48]} 17. Bd1 {[%clk 01:05:39]}
{[%emt 00:02:39]} Nc6 {[%clk 01:03:23]} {[%emt 00:08:00]} 18. Qe1 {[%clk
00:57:10]} {[%emt 00:09:00]} Bxf3 {[%clk 01:01:33]} {[%emt 00:02:20]} 19. Bxf3
{[%clk 00:57:23]} {[%emt 00:00:16]} Nb6 {[%clk 00:56:19]} {[%emt 00:05:45]} 20.
Qd1 {[%clk 00:54:51]} {[%emt 00:03:02]} Kh8 {[%clk 00:51:31]} {[%emt 00:05:18]}
21. a3 {[%clk 00:51:07]} {[%emt 00:04:13]} Qd7 {[%clk 00:44:01]} {[%emt
00:07:57]} 22. Bg4 {[%clk 00:46:00]} {[%emt 00:05:41]} Qe8 {[%clk 00:41:37]}
{[%emt 00:02:53]} 23. b3 {[%clk 00:33:40]} {[%emt 00:12:51]} Qg6 {[%clk
00:40:35]} {[%emt 00:01:31]} 24. Bh5 {[%clk 00:32:23]} {[%emt 00:01:48]} Qf5
{[%clk 00:38:53]} {[%emt 00:02:11]} 25. Bg4 {[%clk 00:31:51]} {[%emt 00:01:02]}
Qg6 {[%clk 00:37:32]} {[%emt 00:01:49]} 26. Bh5 {[%clk 00:30:07]} {[%emt
00:02:17]} Qf5 {[%clk 00:37:32]} {[%emt 00:00:29]} 1/2-1/2

[Event "ODJM C 2023"]
[Site "Willingen GER"]
[Date "2023.06.03"]
[Round "9"]
[White "Neumeier, Leonhard"]
[Black "Wissing, Lars"]
[Result "0-1"]
[Termination "normal"]
[Board "12"]
[WhiteElo "1219"]
[BlackElo "1128"]
[WhiteClock "00:44:56"]
[BlackClock "01:05:41"]
[PlyCount "94"]
[WhiteFideId "34650822"]
[BlackFideId "34660593"]
[EventCountry "GER"]
[EventRounds "9"]
[EventType "swiss"]
[EventDate "2023.05.27"]

1. f4 {[%clk 01:30:54]} {[%emt 00:00:05]} c6 {[%clk 01:30:31]} {[%emt
00:00:30]} 2. e4 {[%clk 01:31:17]} {[%emt 00:00:07]} d5 {[%clk 01:30:54]}
{[%emt 00:00:06]} 3. e5 {[%clk 01:31:34]} {[%emt 00:00:14]} Bf5 {[%clk
01:31:11]} {[%emt 00:00:13]} 4. d4 {[%clk 01:31:53]} {[%emt 00:00:11]} e6
{[%clk 01:31:29]} {[%emt 00:00:09]} 5. Nf3 {[%clk 01:31:53]} {[%emt 00:00:33]}
c5 {[%clk 01:31:41]} {[%emt 00:00:18]} 6. c3 {[%clk 01:30:45]} {[%emt
00:01:39]} Qb6 {[%clk 01:31:59]} {[%emt 00:00:10]} 7. Bd3 {[%clk 01:28:48]}
{[%emt 00:02:29]} Bxd3 {[%clk 01:32:19]} {[%emt 00:00:09]} 8. Qxd3 {[%clk
01:29:05]} {[%emt 00:00:13]} Nc6 {[%clk 01:32:29]} {[%emt 00:00:20]} 9. O-O
{[%clk 01:28:34]} {[%emt 00:01:01]} Nh6 {[%clk 01:31:36]} {[%emt 00:01:22]} 10.
b3 {[%clk 01:28:24]} {[%emt 00:00:40]} Nf5 {[%clk 01:31:46]} {[%emt 00:00:20]}
11. Be3 {[%clk 01:27:52]} {[%emt 00:01:03]} Nxe3 {[%clk 01:29:59]} {[%emt
00:02:16]} 12. Qxe3 {[%clk 01:28:13]} {[%emt 00:00:09]} cxd4 {[%clk 01:30:14]}
{[%emt 00:00:15]} 13. cxd4 {[%clk 01:28:15]} {[%emt 00:00:28]} Be7 {[%clk
01:28:48]} {[%emt 00:01:55]} 14. Nc3 {[%clk 01:27:48]} {[%emt 00:00:58]} O-O
{[%clk 01:29:01]} {[%emt 00:00:17]} 15. Ne2 {[%clk 01:27:54]} {[%emt 00:00:24]}
Rac8 {[%clk 01:29:02]} {[%emt 00:00:29]} 16. h4 {[%clk 01:25:06]} {[%emt
00:03:19]} Qb5 {[%clk 01:26:12]} {[%emt 00:03:19]} 17. Qf2 {[%clk 01:17:34]}
{[%emt 00:08:02]} Nb4 {[%clk 01:25:17]} {[%emt 00:01:25]} 18. h5 {[%clk
01:14:12]} {[%emt 00:03:53]} Rc2 {[%clk 01:25:03]} {[%emt 00:00:41]} 19. a4
{[%clk 01:02:08]} {[%emt 00:12:36]} Qxe2 {[%clk 01:25:19]} {[%emt 00:00:14]}
20. Qxe2 {[%clk 01:02:01]} {[%emt 00:00:37]} Rxe2 {[%clk 01:25:41]} {[%emt
00:00:08]} 21. Rac1 {[%clk 01:01:44]} {[%emt 00:00:47]} Rc2 {[%clk 01:25:52]}
{[%emt 00:00:17]} 22. Rxc2 {[%clk 01:01:54]} {[%emt 00:00:22]} Nxc2 {[%clk
01:26:15]} {[%emt 00:00:06]} 23. Rc1 {[%clk 01:02:18]} {[%emt 00:00:08]} Nb4
{[%clk 01:26:09]} {[%emt 00:00:34]} 24. Rc7 {[%clk 01:02:30]} {[%emt 00:00:20]}
Nc6 {[%emt 00:00:34]} 25. Rxb7 {[%clk 01:02:35]} {[%emt 00:00:23]} Rb8 {[%clk
01:26:22]} {[%emt 00:00:13]} 26. Rc7 {[%clk 01:02:53]} {[%emt 00:00:14]} Nxd4
{[%clk 01:22:31]} {[%emt 00:04:20]} 27. Nxd4 {[%clk 01:02:32]} {[%emt
00:00:52]} Bd8 {[%clk 01:21:54]} {[%emt 00:01:05]} 28. Rc1 {[%clk 01:00:31]}
{[%emt 00:02:32]} Bb6 {[%clk 01:21:54]} {[%emt 00:00:30]} 29. Rd1 {[%clk
01:00:43]} {[%emt 00:00:18]} h6 {[%clk 01:21:19]} {[%emt 00:01:05]} 30. b4
{[%clk 01:00:48]} {[%emt 00:00:25]} a6 {[%clk 01:21:05]} {[%emt 00:00:44]} 31.
Kh2 {[%clk 01:00:49]} {[%emt 00:00:30]} Rc8 {[%clk 01:21:18]} {[%emt 00:00:15]}
32. Nf3 {[%clk 01:00:15]} {[%emt 00:01:05]} Rc4 {[%clk 01:21:28]} {[%emt
00:00:19]} 33. a5 {[%clk 01:00:19]} {[%emt 00:00:27]} Bc7 {[%clk 01:21:21]}
{[%emt 00:00:36]} 34. Rb1 {[%clk 00:58:34]} {[%emt 00:02:16]} Rxf4 {[%clk
01:20:11]} {[%emt 00:01:41]} 35. Rc1 {[%clk 00:57:34]} {[%emt 00:01:30]} Rc4
{[%clk 01:20:03]} {[%emt 00:00:37]} 36. Rb1 {[%clk 00:56:57]} {[%emt 00:01:07]}
f6 {[%clk 01:20:02]} {[%emt 00:00:29]} 37. Kh1 {[%clk 00:55:40]} {[%emt
00:01:47]} fxe5 {[%clk 01:20:07]} {[%emt 00:00:26]} 38. b5 {[%clk 00:55:43]}
{[%emt 00:00:28]} Ra4 {[%clk 01:14:13]} {[%emt 00:06:23]} 39. bxa6 {[%clk
00:55:20]} {[%emt 00:00:53]} Rxa5 {[%clk 01:14:30]} {[%emt 00:00:12]} 40. Rb7
{[%clk 00:55:41]} {[%emt 00:00:10]} Ra1+ {[%clk 01:11:19]} {[%emt 00:03:41]}
41. Ng1 {[%clk 00:52:39]} {[%emt 00:03:33]} Bd6 {[%clk 01:08:25]} {[%emt
00:03:23]} 42. a7 {[%clk 00:52:42]} {[%emt 00:00:28]} Kh7 {[%clk 01:08:28]}
{[%emt 00:00:25]} 43. Kh2 {[%clk 00:46:32]} {[%emt 00:06:41]} Bc5 {[%clk
01:08:01]} {[%emt 00:00:57]} 44. Nf3 {[%clk 00:46:31]} {[%emt 00:00:30]} e4
{[%clk 01:05:39]} {[%emt 00:02:51]} 45. Ne5 {[%clk 00:46:05]} {[%emt 00:00:58]}
Rxa7 {[%clk 01:05:32]} {[%emt 00:00:37]} 46. Rxa7 {[%clk 00:44:45]} {[%emt
00:01:49]} Bxa7 {[%clk 01:05:54]} {[%emt 00:00:09]} 47. Nc6 {[%clk 00:44:56]}
{[%emt 00:00:19]} e3 {[%clk 01:05:41]} {[%emt 00:00:42]} 0-1

[Event "ODJM C 2023"]
[Site "Willingen GER"]
[Date "2023.06.03"]
[Round "9"]
[White "Dauerer, Leonhard"]
[Black "Grunert, Greta"]
[Result "1/2-1/2"]
[Termination "normal"]
[Board "13"]
[WhiteElo "1184"]
[BlackElo "1100"]
[WhiteClock "01:17:18"]
[BlackClock "00:55:32"]
[PlyCount "53"]
[WhiteFideId "34640223"]
[BlackFideId "16258649"]
[EventCountry "GER"]
[EventRounds "9"]
[EventType "swiss"]
[EventDate "2023.05.27"]

1. e4 {[%clk 01:30:59]} c6 {[%clk 01:30:55]} {[%emt 00:00:06]} 2. d4 {[%clk
01:31:24]} {[%emt 00:00:05]} d5 {[%clk 01:31:20]} {[%emt 00:00:05]} 3. Nc3
{[%clk 01:31:47]} {[%emt 00:00:06]} dxe4 {[%clk 01:31:44]} {[%emt 00:00:06]} 4.
Nxe4 {[%clk 01:32:08]} {[%emt 00:00:09]} Bf5 {[%clk 01:32:03]} {[%emt
00:00:12]} 5. Ng3 {[%clk 01:31:43]} {[%emt 00:00:54]} Bg6 {[%clk 01:32:25]}
{[%emt 00:00:08]} 6. Nf3 {[%clk 01:31:53]} {[%emt 00:00:19]} Nd7 {[%clk
01:32:48]} {[%emt 00:00:08]} 7. Bc4 {[%clk 01:31:09]} {[%emt 00:01:14]} e6
{[%clk 01:32:17]} {[%emt 00:01:01]} 8. O-O {[%clk 01:31:09]} {[%emt 00:00:29]}
Ngf6 {[%clk 01:31:58]} {[%emt 00:00:47]} 9. Qe2 {[%clk 01:29:53]} {[%emt
00:01:48]} Be7 {[%clk 01:30:06]} {[%emt 00:02:22]} 10. Re1 {[%clk 01:30:07]}
{[%emt 00:00:17]} O-O {[%clk 01:29:23]} {[%emt 00:01:12]} 11. Bxe6 {[%clk
01:29:34]} {[%emt 00:01:03]} fxe6 {[%clk 01:27:58]} {[%emt 00:01:55]} 12. Qxe6+
{[%clk 01:29:54]} {[%emt 00:00:10]} Kh8 {[%clk 01:18:26]} {[%emt 00:10:03]} 13.
Qxe7 {[%clk 01:30:09]} {[%emt 00:00:14]} Qxe7 {[%clk 01:18:31]} {[%emt
00:00:25]} 14. Rxe7 {[%clk 01:30:33]} {[%emt 00:00:07]} Bxc2 {[%clk 01:17:59]}
{[%emt 00:01:02]} 15. b3 {[%clk 01:29:09]} {[%emt 00:01:53]} Rfe8 {[%clk
01:14:08]} {[%emt 00:04:20]} 16. Rxe8+ {[%clk 01:27:30]} {[%emt 00:02:10]} Rxe8
{[%clk 01:14:27]} {[%emt 00:00:10]} 17. Bb2 {[%clk 01:27:56]} {[%emt 00:00:05]}
Rc8 {[%clk 01:08:13]} {[%emt 00:06:44]} 18. Rc1 {[%clk 01:24:41]} {[%emt
00:03:45]} Bg6 {[%clk 01:05:17]} {[%emt 00:03:06]} 19. Nh4 {[%clk 01:21:43]}
{[%emt 00:03:49]} Bf7 {[%clk 01:04:29]} {[%emt 00:01:17]} 20. Nhf5 {[%clk
01:21:36]} {[%emt 00:00:36]} Nb6 {[%clk 01:03:02]} {[%emt 00:01:58]} 21. Nd6
{[%clk 01:21:48]} {[%emt 00:00:18]} Rc7 {[%clk 01:03:16]} {[%emt 00:00:11]} 22.
Nxf7+ {[%clk 01:20:17]} {[%emt 00:02:06]} Rxf7 {[%clk 01:03:33]} {[%emt
00:00:13]} 23. f3 {[%clk 01:20:39]} {[%emt 00:00:08]} Re7 {[%clk 01:01:33]}
{[%emt 00:02:26]} 24. Kf2 {[%clk 01:20:21]} {[%emt 00:00:52]} Nfd5 {[%clk
01:00:39]} {[%emt 00:01:25]} 25. Ne4 {[%clk 01:20:20]} {[%emt 00:00:30]} Nb4
{[%clk 00:59:58]} {[%emt 00:01:09]} 26. Rb1 {[%clk 01:19:18]} {[%emt 00:01:35]}
N6d5 {[%clk 00:55:32]} {[%emt 00:04:53]} 27. a4 {[%clk 01:17:18]} {[%emt
00:02:33]} 1/2-1/2

[Event "ODJM C 2023"]
[Site "Willingen GER"]
[Date "2023.06.03"]
[Round "9"]
[White "Weidenhöfer, Ben"]
[Black "Kühne, Malin"]
[Result "1/2-1/2"]
[Termination "normal"]
[Board "14"]
[WhiteElo "1180"]
[BlackElo "1162"]
[WhiteClock "00:26:52"]
[BlackClock "00:50:40"]
[PlyCount "55"]
[WhiteFideId "16273702"]
[BlackFideId "34619747"]
[EventCountry "GER"]
[EventRounds "9"]
[EventType "swiss"]
[EventDate "2023.05.27"]

1. d4 {[%clk 01:30:57]} {[%emt 00:00:01]} d5 {[%clk 01:30:55]} {[%emt
00:00:06]} 2. e3 {[%clk 01:31:22]} {[%emt 00:00:06]} c5 {[%clk 01:31:16]}
{[%emt 00:00:09]} 3. c3 {[%clk 01:31:45]} {[%emt 00:00:07]} Nc6 {[%clk
01:31:34]} {[%emt 00:00:12]} 4. Bd3 {[%clk 01:31:52]} {[%emt 00:00:23]} Nf6
{[%clk 01:31:38]} {[%emt 00:00:25]} 5. f4 {[%clk 01:31:55]} {[%emt 00:00:27]}
Bg4 {[%clk 01:31:14]} {[%emt 00:00:55]} 6. Nf3 {[%clk 01:32:13]} {[%emt
00:00:12]} e6 {[%clk 01:31:27]} {[%emt 00:00:16]} 7. O-O {[%clk 01:32:20]}
{[%emt 00:00:24]} Be7 {[%clk 01:31:21]} {[%emt 00:00:36]} 8. Nbd2 {[%clk
01:31:29]} {[%emt 00:01:21]} O-O {[%clk 01:31:02]} {[%emt 00:00:49]} 9. Qe1
{[%clk 01:31:31]} {[%emt 00:00:28]} Rc8 {[%clk 01:29:45]} {[%emt 00:01:47]} 10.
Ne5 {[%clk 01:30:46]} {[%emt 00:01:15]} Bf5 {[%clk 01:29:48]} {[%emt 00:00:27]}
11. Be2 {[%clk 01:24:53]} {[%emt 00:06:23]} Ne4 {[%clk 01:27:04]} {[%emt
00:03:14]} 12. Qd1 {[%clk 01:13:01]} {[%emt 00:12:21]} Nxe5 {[%clk 01:20:32]}
{[%emt 00:07:04]} 13. fxe5 {[%clk 01:12:52]} {[%emt 00:00:38]} f6 {[%clk
01:18:58]} {[%emt 00:02:04]} 14. exf6 {[%clk 01:08:46]} {[%emt 00:04:36]} Rxf6
{[%clk 01:18:00]} {[%emt 00:01:27]} 15. Bg4 {[%clk 01:04:24]} {[%emt 00:04:52]}
Bxg4 {[%clk 01:16:19]} {[%emt 00:02:11]} 16. Qxg4 {[%clk 01:04:36]} {[%emt
00:00:18]} Rg6 {[%clk 01:15:55]} {[%emt 00:00:54]} 17. Qh5 {[%clk 01:01:18]}
{[%emt 00:03:48]} Nxd2 {[%clk 01:15:01]} {[%emt 00:01:23]} 18. Bxd2 {[%clk
01:01:04]} {[%emt 00:00:45]} Qc7 {[%clk 01:12:56]} {[%emt 00:02:35]} 19. Rac1
{[%clk 00:57:26]} {[%emt 00:04:08]} Bd6 {[%clk 01:08:24]} {[%emt 00:05:02]} 20.
Rf3 {[%clk 00:50:05]} {[%emt 00:07:51]} Rh6 {[%clk 01:02:21]} {[%emt 00:06:32]}
21. Qg4 {[%clk 00:42:47]} {[%emt 00:07:49]} Bxh2+ {[%clk 01:01:26]} {[%emt
00:01:25]} 22. Kf2 {[%clk 00:37:48]} {[%emt 00:05:28]} Bd6 {[%clk 00:58:45]}
{[%emt 00:03:12]} 23. Rh3 {[%clk 00:34:36]} {[%emt 00:03:42]} Rxh3 {[%clk
00:58:02]} {[%emt 00:01:13]} 24. Qxe6+ {[%clk 00:34:28]} {[%emt 00:00:38]} Qf7+
{[%clk 00:56:48]} {[%emt 00:01:44]} 25. Qxf7+ {[%clk 00:34:41]} {[%emt
00:00:17]} Kxf7 {[%clk 00:57:09]} {[%emt 00:00:08]} 26. gxh3 {[%clk 00:35:04]}
{[%emt 00:00:07]} Ke6 {[%clk 00:55:43]} {[%emt 00:01:56]} 27. Re1 {[%clk
00:31:28]} {[%emt 00:04:06]} Kf5 {[%clk 00:50:40]} {[%emt 00:05:33]} 28. Kf3
{[%clk 00:26:52]} {[%emt 00:05:06]} 1/2-1/2